[Event "Prague Golden op 11th"]
[Site "Prague"]
[Date "2015.06.23"]
[Round "4"]
[White "Zednik, Petr"]
[Black "Bystritskiy, Daniil"]
[Result "0-1"]
[WhiteElo "1643"]
[BlackElo "1957"]
[PlyCount "88"]
[EventDate "2015.06.21"]
[EventType "swiss"]
[EventRounds "9"]
[EventCountry "CZE"]
[SourceTitle "EXT 2017"]
[Source "ChessBase"]
[SourceDate "2016.10.25"]
[SourceVersion "1"]
[SourceVersionDate "2016.10.25"]
[SourceQuality "1"]

1. e4 c5 2. Nf3 Nc6 3. d4 cxd4 4. Nxd4 e5 5. Nb5 a6 6. Nd6+ Bxd6 7. Qxd6 Qe7 8. Qd1 Nf6 9. Nc3 0-0 10. Bd3 d6 11. Bg5 Be6 12. 0-0 h6 13. Bh4 Rac8 14. Qd2 g5 15. Bg3 b5 16. a3 Nd4 17. Rac1 Rc5 18. Rfe1 Rfc8 19. Ne2 Nxe2+ 20. Qxe2 Bc4 21. Bxc4 Rxc4 22. f3 Qc7 23. c3 Kf8 24. Bf2 Ke7 25. Qd2 a5 26. Rcd1 Qb8 27. Re2 Nh5 28. Qe3 R8c6 29. Red2 Nf4 30. Qa7+ Qxa7 31. Bxa7 b4 32. Bb8 bxc3 33. bxc3 Rxc3 34. Bxd6+ Kf6 35. Bf8 Kg6 36. Rd6+ f6 37. Be7 Rc1 38. Rf1 Rxd6 39. Bxd6 Rc6 40. Be7 Rc2 41. Rf2 Rc1+ 42. Rf1 Rc3 43. h3 Kf7 44. Bd8 Rxa3 0-1

[Event "Prague Golden op 11th"]
[Site "Prague"]
[Date "2015.06.22"]
[Round "2"]
[White "Zednik, Petr"]
[Black "Lhotska, Anna"]
[Result "1-0"]
[WhiteElo "1643"]
[BlackElo "1327"]
[PlyCount "71"]
[EventDate "2015.06.21"]
[EventType "swiss"]
[EventRounds "9"]
[EventCountry "CZE"]
[SourceTitle "CBM 167 Extra"]
[Source "ChessBase"]
[SourceDate "2015.09.14"]
[SourceVersion "1"]
[SourceVersionDate "2015.09.14"]
[SourceQuality "1"]

1. e4 e5 2. Nf3 Nf6 3. Nxe5 d6 4. Nf3 Nxe4 5. d4 d5 6. Bd3 Bf5 7. 0-0 Be7 8. Re1 0-0 9. Nc3 Nxc3 10. bxc3 Bg6 11. Rb1 Nd7 12. Rxb7 Bxd3 13. Qxd3 Nb6 14. Qb5 Qd6 15. Ne5 f6 16. Nc6 Rfe8 17. Nxa7 Kh8 18. Qc6 h6 19. Qxc7 Qxc7 20. Rxc7 Bd6 21. Bd2 Rxe1+ 22. Bxe1 Bxc7 23. Nb5 Re8 24. Kf1 Bxh2 25. g3 Nc4 26. Nc7 Re4 27. Nxd5 f5 28. Nf4 g5 29. Nd3 f4 30. Kg2 fxg3 31. fxg3 Re2+ 32. Bf2 Ne3+ 33. Kxh2 Ng4+ 34. Kg1 Rxc2 35. d5 Rxc3 36. Bd4+ 1-0